| 000 | 00646nam a22002057a 4500 | ||
|---|---|---|---|
| 005 | 20220718101005.0 | ||
| 008 | 220608b ||||| |||| 00| 0 eng d | ||
| 040 | _cAL | ||
| 041 | _aEnglish | ||
| 082 |
_223 _a320.473 _bROYD |
||
| 100 |
_aTathagata Roy Ed _950482 |
||
| 245 |
_aDemocracy in Peril: _bA Quarter Century of CPI (M)S Fraud and Terror Raj in West Bengal |
||
| 260 |
_aWest Bengal _bBharatiya Janata Party _c2003 |
||
| 300 |
_a72 p. _bPB _c21.5x13.5 cm. |
||
| 365 |
_b₹20.00 _c₹ _d₹20.00 |
||
| 650 |
_aWest Bengal _941114 |
||
| 650 |
_aPolitics and government _941115 |
||
| 700 |
_aROY (Tathagata) Ed _941116 |
||
| 942 |
_2ddc _cGF |
||
| 999 |
_c223301 _d223301 |
||